[Event "Titled Tuesday intern op 04th Feb Early"]
[Site "Chess.com INT"]
[Date "2025.02.04"]
[Round "3"]
[White "Abbasov, Vusal"]
[Black "Sairam, Pranav"]
[Result "1-0"]
[WhiteElo "2254"]
[BlackElo "2015"]
[PlyCount "69"]
[EventDate "2025.02.04"]
[EventType "swiss (blitz)"]
[EventRounds "11"]
[EventCountry "USA"]
[SourceTitle "CB07_2025"]
[SourceDate "2025.02.12"]
[SourceVersion "1"]
[SourceVersionDate "2025.02.12"]
[SourceQuality "1"]

1. d4 d5 2. c4 e6 3. Nf3 Nf6 4. g3 Be7 5. Bg2 0-0 6. 0-0 dxc4 7. Qc2 a6 8. a4 c5 9. dxc5 Nc6 10. Qxc4 e5 11. a5 Nxa5 12. Qc3 Nc6 13. Nxe5 Nxe5 14. Qxe5 Nd7 15. Qh5 Nxc5 16. Be3 g6 17. Qh6 Bf5 18. Nc3 Ne6 19. Rfd1 Qc8 20. Nd5 Bd8 21. Rac1 Qb8 22. Bb6 f6 23. e4 Bg4 24. f3 Bxb6+ 25. Nxb6 Qa7 26. Qe3 Bh5 27. g4 Bxg4 28. fxg4 Rad8 29. Nd5 Qb8 30. Qg3 Qa7+ 31. Qf2 Qb8 32. Nxf6+ Kg7 33. Rxd8 Qxd8 34. e5 Ng5 35. Qe3 1-0

[Event "Titled Tuesday intern op 10th Sep Late"]
[Site "Chess,com INT"]
[Date "2024.09.10"]
[Round "6"]
[White "Abbasov, Vusal"]
[Black "Kuru, Atilla"]
[Result "0-1"]
[WhiteElo "2254"]
[BlackElo "2397"]
[PlyCount "143"]
[EventDate "2024.09.10"]
[EventType "swiss (blitz)"]
[EventRounds "11"]
[EventCountry "USA"]
[SourceTitle "EXT 2025"]
[Source "ChessBase"]
[SourceDate "2024.10.14"]
[SourceVersion "1"]
[SourceVersionDate "2024.10.14"]
[SourceQuality "1"]

1. d4 Nf6 2. c4 e6 3. g3 d5 4. Bg2 Bb4+ 5. Nd2 0-0 6. Ngf3 dxc4 7. Qc2 c5 8. dxc5 c3 9. bxc3 Bxc5 10. 0-0 Qc7 11. Nb3 Bd6 12. Nfd4 a6 13. Bg5 Nbd7 14. Rfd1 h6 15. Bxf6 Nxf6 16. c4 Rd8 17. a4 e5 18. Nf5 Bxf5 19. Qxf5 Rac8 20. c5 Be7 21. h4 g6 22. Qc2 h5 23. Rac1 Kg7 24. Qc4 Nh7 25. c6 bxc6 26. Rxd8 Bxd8 27. Qxa6 Rb8 28. Rxc6 Qd7 29. Rd6 Qf5 30. Nd2 Nf6 31. Qd3 Qc8 32. Ne4 Ng4 33. Bf3 Qc1+ 34. Qd1 Qc8 35. Kg2 Ra8 36. Qd5 Ra5 37. Qb3 Be7 38. Rb6 Ra7 39. Qb5 Qc7 40. Rc6 Qa5 41. Nd6 Qd2 42. Bxg4 Bxd6 43. Bf3 Qd4 44. Qb6 Qxb6 45. Rxb6 Bc5 46. Rb5 Bd4 47. a5 Bc3 48. Bc6 Kf6 49. Bd5 Bxa5 50. e4 Bc7 51. Rb3 Ke7 52. Rf3 f6 53. Rc3 f5 54. Rc6 Bd6 55. Rc8 Ra3 56. Rg8 Kf6 57. Re8 Be7 58. Rc8 Rd3 59. Rc6+ Kg7 60. Re6 Bf6 61. g4 hxg4 62. h5 gxh5 63. Bb7 f4 64. Rc6 h4 65. Rc7+ Kg6 66. Bd5 h3+ 67. Kh2 Rd2 68. Bf7+ Kh6 69. Kg1 g3 70. fxg3 fxg3 71. Kf1 h2 72. Be6 0-1

[Event "Titled Tuesday intern op 23rd Apr Early"]
[Site "Chess.com INT"]
[Date "2024.04.23"]
[Round "1"]
[White "Abbasov, Vusal"]
[Black "Feliz Dotel, Dewar Bienvenido"]
[Result "1-0"]
[WhiteElo "2281"]
[BlackElo "2032"]
[PlyCount "49"]
[EventDate "2024.04.23"]
[EventType "swiss (blitz)"]
[EventRounds "11"]
[EventCountry "USA"]
[SourceTitle "EXT 2025"]
[Source "ChessBase"]
[SourceDate "2024.10.14"]
[SourceVersion "1"]
[SourceVersionDate "2024.10.14"]
[SourceQuality "1"]

1. d4 Nf6 2. c4 g6 3. g3 c6 4. Bg2 d5 5. Nf3 Bg7 6. 0-0 0-0 7. Nc3 Bf5 8. a4 Ne4 9. Qb3 Nxc3 10. bxc3 Qd7 11. Rd1 dxc4 12. Qxc4 Be6 13. Qd3 Qd5 14. Ng5 Qc4 15. Nxe6 Qxe6 16. Ba3 Re8 17. h4 h5 18. Kh2 Qd7 19. Bh3 e6 20. e4 Na6 21. Rab1 Rad8 22. Qf3 b6 23. d5 cxd5 24. exd5 exd5 25. Bxd7 1-0

[Event "Titled Tuesday intern op 23rd Apr Early"]
[Site "Chess.com INT"]
[Date "2024.04.23"]
[Round "3"]
[White "Dreelinck, Jacob"]
[Black "Abbasov, Vusal"]
[Result "1-0"]
[WhiteElo "2319"]
[BlackElo "2281"]
[PlyCount "107"]
[EventDate "2024.04.23"]
[EventType "swiss (blitz)"]
[EventRounds "11"]
[EventCountry "USA"]
[SourceTitle "EXT 2025"]
[Source "ChessBase"]
[SourceDate "2024.10.14"]
[SourceVersion "1"]
[SourceVersionDate "2024.10.14"]
[SourceQuality "1"]

1. e4 e6 2. d4 d5 3. Nc3 f5 4. exf5 exf5 5. Qh5+ g6 6. Qe2+ Be7 7. Bg5 c6 8. Qe5 Kf8 9. Qxh8 Bxg5 10. Qxh7 Qe8+ 11. Be2 Nd7 12. Nf3 Ndf6 13. Qc7 Bh6 14. 0-0 Qe7 15. Qxe7+ Nxe7 16. Ne5 Be6 17. Bd3 Re8 18. Na4 Nd7 19. Nxd7+ Bxd7 20. Nc5 Bc8 21. Rfe1 Kf7 22. c3 b6 23. Nb3 Rd8 24. Kf1 Ng8 25. Re2 Bg5 26. f3 Bf4 27. g3 Bd6 28. Rae1 Nf6 29. Kg2 Bd7 30. Nc1 Rh8 31. Bc2 Rb8 32. Nd3 Kg7 33. a4 a5 34. Ne5 Be8 35. Nd3 Bd7 36. Bb1 Bc8 37. Ne5 Bb7 38. Bd3 Rd8 39. b3 c5 40. Bb5 Rc8 41. Nd7 Nxd7 42. Bxd7 Rc7 43. Bb5 Bc8 44. Re8 Kf7 45. Rh8 Be7 46. Rh7+ Kf6 47. Re2 Be6 48. Rh8 Bc8 49. h4 Kg7 50. Re8 Kf7 51. Bc6 Be6 52. Bb5 Bc8 53. Kf2 Kf6 54. Bc6 1-0

[Event "Batumi Municipality Cup"]
[Site "Batumi"]
[Date "2017.07.03"]
[Round "2"]
[White "Abbasov, Vusal"]
[Black "Sattarov, Bobir"]
[Result "1/2-1/2"]
[WhiteElo "2199"]
[BlackElo "2383"]
[PlyCount "143"]
[EventDate "2017.07.02"]
[EventType "swiss"]
[EventRounds "9"]
[EventCountry "GEO"]
[SourceTitle "CBM 179 Extra"]
[Source "ChessBase"]
[SourceDate "2017.08.23"]
[SourceVersion "1"]
[SourceVersionDate "2017.08.23"]
[SourceQuality "1"]

1. e4 d6 2. d4 Nf6 3. Bc4 c6 4. Bd3 e5 5. dxe5 dxe5 6. Nf3 Nbd7 7. 0-0 a6 8. a4 b5 9. Nc3 Bb7 10. Ne2 Be7 11. Ng3 0-0 12. Qe2 Re8 13. c3 Bf8 14. Be3 Nc5 15. Bc2 Qc7 16. h3 Nfd7 17. b4 Nxa4 18. Bxa4 bxa4 19. Rxa4 a5 20. bxa5 Rxa5 21. Rfa1 Rea8 22. Qc2 h6 23. Qd1 Bc8 24. Kh2 Nc5 25. Rxa5 Rxa5 26. Rxa5 Qxa5 27. Nxe5 Nxe4 28. Nxc6 Qxc3 29. Nxe4 Qxc6 30. f3 Qc7+ 31. Kh1 f5 32. Nf2 Qe5 33. Qc1 Ba6 34. Bf4 Qe2 35. Qe3 Qa2 36. Qd4 Kh7 37. Be3 Be7 38. Qe5 Qb1+ 39. Kh2 Bf6 40. Qc5 Qb8+ 41. Kh1 Qb1+ 42. Kh2 Bd8 43. Qd6 Qe1 44. Bd4 Qa5 45. Qd7 Qc7+ 46. Qxc7 Bxc7+ 47. Kg1 Be2 48. Nh1 g5 49. Kf2 Ba6 50. Ng3 Kg6 51. Ne2 h5 52. Nc3 Bc4 53. Nd1 Bd3 54. Ne3 Kf7 55. Nd5 Bd6 56. Nf6 h4 57. Nd7 Bb5 58. Nc5 Ke7 59. Kg1 Bf4 60. Kf2 Kd6 61. Nb7+ Kd5 62. Be3 Bxe3+ 63. Kxe3 f4+ 64. Kf2 Bc4 65. Nd8 Kc5 66. Nb7+ Kd5 67. Nd8 Kd6 68. Nb7+ Ke5 69. Nc5 Bd5 70. Nd7+ Kf5 71. Nc5 Ke5 72. Nd7+ 1/2-1/2

[Event "Dubai op 19th"]
[Site "Dubai"]
[Date "2017.04.05"]
[Round "3"]
[White "Abbasov, Vusal"]
[Black "Debashis, Das"]
[Result "0-1"]
[WhiteElo "2211"]
[BlackElo "2501"]
[PlyCount "70"]
[EventDate "2017.04.03"]
[EventType "swiss"]
[EventRounds "9"]
[EventCountry "UAE"]
[SourceTitle "CBM 177 Extra"]
[Source "ChessBase"]
[SourceDate "2017.04.27"]
[SourceVersion "1"]
[SourceVersionDate "2017.04.27"]
[SourceQuality "1"]

1. e4 c5 2. Nf3 d6 3. d4 cxd4 4. Nxd4 Nf6 5. Nc3 a6 6. Bg5 e6 7. f4 Be7 8. Qf3 Qc7 9. 0-0-0 0-0 10. Bd3 Nc6 11. Nxc6 bxc6 12. e5 dxe5 13. fxe5 Qxe5 14. h4 Qc7 15. Ne4 Nxe4 16. Bxe4 Bb7 17. Bxe7 Qxe7 18. Bxc6 Bxc6 19. Qxc6 Rfc8 20. Rd7 Qf6 21. Qf3 Qg6 22. c3 Rab8 23. h5 Qg5+ 24. Kd1 Rd8 25. Rxd8+ Rxd8+ 26. Kc2 Rd2+ 27. Kb1 Qxg2 28. Qxg2 Rxg2 29. Rd1 Kf8 30. Rd6 e5 31. Rxa6 f5 32. h6 f4 33. Ra8+ Kf7 34. Ra7+ Kf6 35. Rxg7 f3 0-1

[Event "Varna op-B 8th"]
[Site "Varna"]
[Date "2014.06.26"]
[Round "8"]
[White "Lugovoy, Dmitry"]
[Black "Abbasov, Vusal"]
[Result "1/2-1/2"]
[WhiteElo "2081"]
[BlackElo "2119"]
[PlyCount "93"]
[EventDate "2014.06.19"]
[EventType "swiss"]
[EventRounds "9"]
[EventCountry "BUL"]
[SourceTitle "CBM 161 Extra"]
[Source "ChessBase"]
[SourceDate "2014.08.29"]
[SourceVersion "1"]
[SourceVersionDate "2014.08.29"]
[SourceQuality "1"]

1. d4 Nf6 2. Nf3 g6 3. g3 Bg7 4. Bg2 0-0 5. 0-0 d5 6. c4 c6 7. Nc3 Nbd7 8. Ne5 e6 9. f4 Ne8 10. e4 Nb6 11. c5 Nd7 12. Nxd7 Bxd7 13. e5 f5 14. Be3 Rf7 15. Qd2 Bf8 16. b4 Rg7 17. a4 Be7 18. b5 g5 19. bxc6 Bxc6 20. fxg5 a6 21. Ne2 Bxg5 22. Bxg5 Rxg5 23. Nf4 Nc7 24. Bf3 Kh8 25. Qa5 Qe7 26. Kf2 Rag8 27. Rg1 Ne8 28. Be2 Qd7 29. Ra3 R5g7 30. h4 Qe7 31. Qb6 Qd7 32. Qb4 Rf8 33. Rh1 Qe7 34. Qb6 Qd7 35. Qb4 Qe7 36. Qd2 Nc7 37. h5 Qg5 38. Qe3 Kg8 39. h6 Rd7 40. Rh5 Qd8 41. Rh4 Kh8 42. Nh5 Ne8 43. Nf4 Re7 44. Bh5 Nc7 45. Be2 Qd7 46. Bd1 Rg8 47. Nh5 1/2-1/2

[Event "Varna op-B 8th"]
[Site "Varna"]
[Date "2014.06.19"]
[Round "1"]
[White "Talmaci, Alexandru"]
[Black "Abbasov, Vusal"]
[Result "1/2-1/2"]
[WhiteElo "1696"]
[BlackElo "2119"]
[PlyCount "107"]
[EventDate "2014.06.19"]
[EventType "swiss"]
[EventRounds "9"]
[EventCountry "BUL"]
[SourceTitle "CBM 161 Extra"]
[Source "ChessBase"]
[SourceDate "2014.08.29"]
[SourceVersion "1"]
[SourceVersionDate "2014.08.29"]
[SourceQuality "1"]

1. d4 Nf6 2. c4 g6 3. Nc3 Bg7 4. e4 d6 5. Nf3 0-0 6. Be2 e5 7. dxe5 dxe5 8. Qxd8 Rxd8 9. Bg5 Re8 10. Bxf6 Bxf6 11. Nd5 Bd8 12. 0-0-0 Bg4 13. Ne3 Bxf3 14. Bxf3 Nc6 15. Rd7 Re7 16. Rhd1 Nd4 17. Rxe7 Bxe7 18. Nc2 Ne6 19. Bg4 Nf8 20. Ne3 Bg5 21. Kc2 Bxe3 22. fxe3 f6 23. h4 Kf7 24. b4 Ke7 25. Kc3 Rd8 26. Rxd8 Kxd8 27. a4 h5 28. Bh3 g5 29. g3 gxh4 30. gxh4 Ng6 31. Be6 Nxh4 32. Bf7 Ng2 33. Bxh5 Nxe3 34. c5 Ke7 35. Bf3 Nf1 36. Kd3 Ng3 37. Ke3 f5 38. exf5 Nxf5+ 39. Kd3 c6 40. Bg4 Kf6 41. Ke4 Ne7 42. b5 Nd5 43. bxc6 bxc6 44. Bd7 Nb4 45. a5 Ke7 46. Bc8 Kf6 47. Bd7 Ke7 48. Bc8 Kd8 49. Bh3 Na6 50. Kxe5 Nxc5 51. Kd6 Nb7+ 52. Kxc6 Nxa5+ 53. Kb5 Nb7 54. Ka6 1/2-1/2